000 04118namaa22004331i 4500
003 OSt
005 20251217140757.0
008 250827s2024 ua a|||frm||| 000 0 eng d
040 _aEG-GICUC
_bara
_cEG-GICUC
_dEG-GICUC
_erda
041 0 _aara
_bara
_beng
049 _aإيداع
082 0 4 _a729.19
092 _a729.19
_221
097 _aمــــاجستير
099 _aCai01.14.01.M.Sc.2024.شي.م
100 0 _a،شيماء حمدي جابر محمد العدوي
_eإعداد.
245 1 0 _aمنشأت أسرة محمد علي الباقية بمدينة إدفينا :
_bدراسة أثارية فنية و معمارية /
_cإعداد شيماء حمدي جابر محمد العدوي ؛ إشراف أ.د/ شادية الدسوقي عبد العزيز كشك، أ.م.د/محمود عباس أحمد عبد الرحمن.
246 1 5 _aFacilities, the family of muhamed ali in the remaining edfina :
_bArchaeological & artistic and architectural /
264 0 _c2024.
300 _a2 مج :
_bمجلدين في مجلد واحد ؛
_c30 cm. +
_eCD.
336 _atext
_2rda content
337 _aUnmediated
_2rdamedia
338 _avolume
_2rdacarrier
502 _aطروحة (ماجستير)-جامعة القاهرة، 2024.
504 _aببليوجرافيا: صفحات 365-387.
520 _a (حظيت قرية إدفينا إحدى تفاتيش الخاصة الملكية بثلاثة منشآت هامة ترجع إلى فترة حكم "أسرة محمد علي" وهي (القصر الملكي بإدفينا)، و(كوبري إدفينا للسكة)، و(قناطر إدفينا وملحقاتها) ، وارتبطت منشآتها بنهر النيل. أشتملت الدراسة على مقدمة وتمهيد وبابين وأختتمت الرسالة بخاتمة تتضمن أهم النتائج، وتحدثت الرسالة عن لإطار الجغرافي والتاريخي لقرية إدفينا وتشمل على دراسة وصفية من خلال الوثائق القديمة والواقع الحالي التي عليه منشآت إدفينا كما جاء بالدراسة التحليلية أثر الموقع على تخطيط المنشآت والظرز المعمارية والوحدات والعناصر المعمارية والنقوش الزخرفية التي ظهرت على المنشأت (موضوع الدراسة)
520 _aThe village of Edfina, one of the royal palaces, had three important facilities dating back to the period of the rule of the “Muhamed Ali family,” which are (the Royal Palace of Edfina), (the Edfina Railway Bridge), and (the Edfina Barrage and its annexes), and their facilities were connected to the Nile River The thesis spoke about the geographical and historical framework of the village of Edfina and includes a descriptive study through ancient documents and the current reality in which Edfina’s facilities are based. The analytical study also included the impact of the site on the layout of the facilities, architectural features, units, architectural elements, and decorative inscriptions that appeared on the facilities (the subject of the study).
530 _aصدر أيضًا كقرص مدمج.
546 _aالنص بالعربية والملخص باللغة الإنجليزية والعربية.
650 7 _aالنقوش
_2qrmak
_xتصميم معمارى
650 7 _aالنقوش الاسلامية
_2qrmak
653 0 _aتفتيش ملكي
_aإدفينا
_aقصر
700 0 _aشادية الدسوقي عبد العزيز كشك
_eمشرف أطروحة.
700 0 _aمحمود عباس أحمد عبد الرحمن
_eمشرف أطروحة.
900 _b01-01-2024
_cشادية الدسوقي عبد العزيز كشك
_cمحمود عباس أحمد عبد الرحمن
_dمحمد حمزة إسماعيل الحداد
_dتفيدة محمد عبد الجواد
_Uجامعة القاهرة
_Fكلية الآثار
_Dقسم الآثار الاسلامية
905 _aSara
_eAfaf
942 _2ddc
_cTH
_e21
_n0
999 _c176550